Nonlinear science : emergence and dynamics of coherent structures
Αποθηκεύτηκε σε:
| Κύριος συγγραφέας: | |
|---|---|
| Μορφή: | Βιβλίο |
| Γλώσσα: | English |
| Δημοσίευση: |
Oxford ; New York :
Oxford University Press,
2006, c2003
|
| Έκδοση: | 2nd ed., Repr. |
| Σειρά: | Oxford texts in applied and engineering mathematics ;
; 8 |
| Θέματα: | |
| Ετικέτες: |
Προσθήκη ετικέτας
Δεν υπάρχουν, Καταχωρήστε ετικέτα πρώτοι!
|
MARC
| LEADER | 00000nam a2200000 i 4500 | ||
|---|---|---|---|
| 001 | 1/31166 | ||
| 008 | 130606s20032006 eng d | ||
| 020 | |a 0-19-852852-3 | ||
| 035 | |l 10114688 | ||
| 040 | |a GR-MY-UA |b gre |e aacr | ||
| 041 | 0 | |a eng | |
| 082 | 0 | |a 003.75 |2 (22) | |
| 100 | 1 | |a Scott, Alwyn |d 1931- | |
| 245 | 1 | 0 | |a Nonlinear science : |b emergence and dynamics of coherent structures / |c Alwyn Scott |
| 250 | |a 2nd ed., Repr. | ||
| 260 | |a Oxford ; New York : |b Oxford University Press, |c 2006, c2003 | ||
| 300 | |a xxiii, 480 σ.; |b εικ.; |c 24 εκ. | ||
| 490 | 1 | |a Oxford texts in applied and engineering mathematics |v ; 8 | |
| 504 | |a Περιέχει βιβλιογραφικές αναφορές και ευρετήριο | ||
| 650 | 0 | 0 | |a Nonlinear theories. |
| 830 | 0 | |a Oxford texts in applied and engineering mathematics ; |v ; 8 | |
| 852 | |a INST |b SAMOS |e 20130606 |h 003.75 SCO |p 005300040183 |q 005300040183 |t BK |y 0 | ||
| 901 | |a BIBL3-2013-2 | ||
| 909 | |a Σ |b 178420 | ||
| 922 | |a 3ΕΛΗ |b 201212 |c ΤΜΗΜΑ ΜΑΘΗΜΑΤΙΚΩΝ/ΜΕΤΑΠΤΥΧΙΑΚΟ |d ΔΙΑΔΡΟΜΕΣ/ΔΡΕΣ | ||
| 970 | |a ΚΟΣΙΕΡΗΣ |b ΧΡΗΣΤΟΣ |z 2013/06/06 | ||